|
|
|
|
| LEADER |
00000nam0a2200000 4500 |
| 001 |
151905 |
| 005 |
20231031150852.0 |
| 010 |
|
|
|a 5768003274
|
| 020 |
|
|
|a RU
|b 90-65090
|
| 035 |
|
|
|a (RuTPU)RU\TPU\book\164706
|
| 090 |
|
|
|a 151905
|
| 100 |
|
|
|a 20090128d1990 m y0rusy5003 ca
|
| 101 |
0 |
|
|a rus
|
| 102 |
|
|
|a RU
|
| 105 |
|
|
|a c z 000ay
|
| 200 |
1 |
|
|a Две повести о любви
|e повести
|f Б. П. Черемисин
|
| 210 |
|
|
|a Нальчик
|c Эльбрус
|d 1990
|
| 215 |
|
|
|a 312 с.
|c портр.
|d 21 см
|
| 333 |
|
|
|a Исключено из фонда НТБ ТПУ
|
| 675 |
|
|
|a Р2
|z rus
|
| 700 |
|
1 |
|a Черемисин
|b Б. П.
|g Борис Петрович
|4 070
|
| 801 |
|
0 |
|a RU
|b RuMRKP
|c 19950417
|g psbo
|
| 801 |
|
1 |
|a RU
|b 63413507
|c 20090128
|g PSBO
|
| 801 |
|
2 |
|a RU
|b 63413507
|c 20210517
|g PSBO
|
| 942 |
|
|
|c BK
|